000 00812cam a2200253 i 4500
001 23048
003 BD-RjUL
005 20211209000903.0
008 140310s1974 ii b 00110 eng d
035 _a(BD-RjUL)23113
040 _aBD-RjUL
_beng
_cBD-RjUL
_dBD-RjUL
041 _aeng
082 0 0 _223
_a891.209
_bCHA 1974
100 1 _aChatterjee, Asim Kumar,
_d1940-
_971081
245 1 0 _aAncient Indian literary and cultural tradition /
_cby Asim Kumar Chatterjee.
260 _aCalcutta :
_bPunthi Pustak,
_c1974.
300 _a225 p. ;
_c22 cm.
504 _aIncludes bibliographical references and index.
650 0 _aSanskrit literature
_xHistory and criticism.
_967423
651 0 _aIndia
_xIn literature.
_971082
651 0 _aIndia
_xCivilization.
_971083
942 _2ddc
_cBK
999 _c23048
_d23048